| 000 -LEADER |
| fixed length control field |
03440cam a22005295i 4500 |
| 001 - CONTROL NUMBER |
| control field |
21942068 |
| 003 - CONTROL NUMBER IDENTIFIER |
| control field |
NUST |
| 005 - DATE AND TIME OF LATEST TRANSACTION |
| control field |
20240306121439.0 |
| 008 - FIXED-LENGTH DATA ELEMENTS--GENERAL INFORMATION |
| fixed length control field |
210306t20202020gw a c 000 0 eng d |
| 010 ## - LIBRARY OF CONGRESS CONTROL NUMBER |
| LC control number |
2021374811 |
| 020 ## - INTERNATIONAL STANDARD BOOK NUMBER |
| International Standard Book Number |
9783956795794 |
| Qualifying information |
(hardbound) |
| 020 ## - INTERNATIONAL STANDARD BOOK NUMBER |
| International Standard Book Number |
3956795792 |
| Qualifying information |
(hardbound) |
| 024 3# - OTHER STANDARD IDENTIFIER |
| Standard number or code |
9783956795794 |
| 035 ## - SYSTEM CONTROL NUMBER |
| System control number |
(OCoLC)on1225873865 |
| 038 ## - RECORD CONTENT LICENSOR |
| Staff Name |
Malang Jan |
| 040 ## - CATALOGING SOURCE |
| Original cataloging agency |
OHX |
| Language of cataloging |
eng |
| Description conventions |
rda |
| Transcribing agency |
OHX |
| Modifying agency |
ERASA |
| -- |
JPG |
| -- |
OCLCO |
| -- |
JPG |
| -- |
OCLCF |
| -- |
STF |
| -- |
MRB |
| -- |
OCLCO |
| -- |
COD |
| -- |
OCLCO |
| -- |
OCLCQ |
| -- |
OCLCO |
| -- |
TEU |
| -- |
CDX |
| -- |
DLC |
| 041 0# - LANGUAGE CODE |
| Language code of text/sound track or separate title |
eng |
| -- |
spa |
| -- |
myn |
| 042 ## - AUTHENTICATION CODE |
| Authentication code |
lccopycat |
| 072 #7 - SUBJECT CATEGORY CODE |
| Subject category code |
N |
| Source |
lcco |
| 082 04 - DEWEY DECIMAL CLASSIFICATION NUMBER |
| Classification number |
700.411 |
| Author Mark |
WIL |
| 245 00 - TITLE STATEMENT |
| Title |
Elisabeth Wild : |
| Remainder of title |
fantasías / |
| Statement of responsibility, etc. |
edited by Adam Szymczyk. |
| 246 30 - VARYING FORM OF TITLE |
| Title proper/short title |
Fantasías |
| 264 #1 - PRODUCTION, PUBLICATION, DISTRIBUTION, MANUFACTURE, AND COPYRIGHT NOTICE |
| Place of production, publication, distribution, manufacture |
Berlin : |
| Name of producer, publisher, distributor, manufacturer |
Sternberg Press, |
| Date of production, publication, distribution, manufacture, or copyright notice |
[2020] |
| 264 #4 - PRODUCTION, PUBLICATION, DISTRIBUTION, MANUFACTURE, AND COPYRIGHT NOTICE |
| Date of production, publication, distribution, manufacture, or copyright notice |
©2020 |
| 300 ## - PHYSICAL DESCRIPTION |
| Extent |
152 pages : |
| Other physical details |
illustrations (chiefly color) ; |
| Dimensions |
24 cm |
| 336 ## - CONTENT TYPE |
| Content type term |
text |
| Content type code |
txt |
| Source |
rdacontent |
| 336 ## - CONTENT TYPE |
| Content type term |
still image |
| Content type code |
sti |
| Source |
rdacontent |
| 337 ## - MEDIA TYPE |
| Media type term |
unmediated |
| Media type code |
n |
| Source |
rdamedia |
| 338 ## - CARRIER TYPE |
| Carrier type term |
volume |
| Carrier type code |
nc |
| Source |
rdacarrier |
| 504 ## - BIBLIOGRAPHY, ETC. NOTE |
| Bibliography, etc. note |
Includes bibliographical references. |
| 505 00 - FORMATTED CONTENTS NOTE |
| Title |
Kame / |
| Statement of responsibility |
Negma Coy -- |
| Title |
Prologue : At Home with Elisabeth / |
| Statement of responsibility |
Karolina Dankow -- |
| Title |
A Message to the Empire : Dream Worlds in the Name of Equality / |
| Statement of responsibility |
Noit Banai -- |
| Title |
Peraj taq sipanïk / |
| Statement of responsibility |
Negma Coy -- |
| Title |
A Tale of Chance / |
| Statement of responsibility |
Barbara Casavecchia -- |
| Title |
Epilogue : Across the Lake / |
| Statement of responsibility |
Adam Szymczyk -- |
| Title |
Rechʹeroj / |
| Statement of responsibility |
Negma Coy. |
| 520 8# - SUMMARY, ETC. |
| Summary, etc. |
Elisabeth Wild began exhibiting internationally in 2014 as part of a mid-career survey for her daughter, the artist Vivian Suter, at the Kunsthalle Basel. In 1938, when Wild was sixteen, she and her family fled Vienna to escape the Nazi threat, to Buenos Aires. Although her painting studies in Vienna were interrupted, she continued her fine-art studies in her new home, later working professionally as a textile designer. In 1962, Wild and her family traveled back across the Atlantic, to Basel, to escape the Perón dictatorship. There she ran an antique shop and began, in her seventh decade, her prolific collage production. In 1996, she left Basel for Panajachel, Guatemala, where she lived and continued working on her collages, until her death in 2020. This monograph showcases Wild's kaleidoscopic and vibrantly colored collages titled Fantasías. Using cutouts from the commercial imagery of glossy magazines, she creates a different reality that is witty and sometimes menacing. Alongside Wild's collages are contributions by Guatemalan poet Negma Coy, curator Adam Szymczyk, art educator and writer Barbara Casavecchia, art historian and critic Noit Banai, and Karolina Dankow of Zurich gallery Karma International. |
| 546 ## - LANGUAGE NOTE |
| Language note |
Text in English; poems in English, Kaqchikel, and Spanish by Negma Coy. |
| 600 10 - SUBJECT ADDED ENTRY--PERSONAL NAME |
| Personal name |
Wild, Elisabeth, |
| Dates associated with a name |
1922-2020. |
| 9 (RLIN) |
121897 |
| 650 #0 - SUBJECT ADDED ENTRY--TOPICAL TERM |
| Topical term or geographic name entry element |
Collage. |
| 9 (RLIN) |
33494 |
| 650 #6 - SUBJECT ADDED ENTRY--TOPICAL TERM |
| Topical term or geographic name entry element |
Collage (Art) |
| 9 (RLIN) |
121898 |
| 650 #7 - SUBJECT ADDED ENTRY--TOPICAL TERM |
| Topical term or geographic name entry element |
collage (technique) |
| Source of heading or term |
aat |
| 9 (RLIN) |
121899 |
| 650 #7 - SUBJECT ADDED ENTRY--TOPICAL TERM |
| Topical term or geographic name entry element |
Collage. |
| Source of heading or term |
fast |
| Authority record control number or standard number |
(OCoLC)fst00867085 |
| 9 (RLIN) |
33494 |
| 655 #7 - INDEX TERM--GENRE/FORM |
| Genre/form data or focus term |
Catalogs. |
| Source of term |
fast |
| Authority record control number |
http://id.worldcat.org/fast/1423692 |
| 9 (RLIN) |
98425 |
| 655 #7 - INDEX TERM--GENRE/FORM |
| Genre/form data or focus term |
Catalogs. |
| Source of term |
lcgft |
| 9 (RLIN) |
98425 |
| 700 1# - ADDED ENTRY--PERSONAL NAME |
| Personal name |
Coy, Negma, |
| Dates associated with a name |
1980- |
| Relator term |
author. |
| 9 (RLIN) |
121900 |
| 700 1# - ADDED ENTRY--PERSONAL NAME |
| Personal name |
Szymczyk, Adam, |
| Relator term |
editor. |
| 9 (RLIN) |
121901 |
| 700 12 - ADDED ENTRY--PERSONAL NAME |
| Personal name |
Wild, Elisabeth, |
| Dates associated with a name |
1922-2020. |
| Title of a work |
Works. |
| Form subheading |
Selections. |
| 9 (RLIN) |
121902 |
| 906 ## - LOCAL DATA ELEMENT F, LDF (RLIN) |
| a |
0 |
| b |
ibc |
| c |
copycat |
| d |
3 |
| e |
ncip |
| f |
20 |
| g |
y-gencatlg |
| 942 ## - ADDED ENTRY ELEMENTS (KOHA) |
| Source of classification or shelving scheme |
|
| Koha item type |
Book |